Countries with Three Borders - Statistics

General Stats
  • This quiz has been taken 150 times
  • The average score is 24 of 28
Answer Stats
Borders Country % Correct
China, Russia, South Korea North Korea
99%
Finland, Russia, Sweden Norway
99%
Israel, Libya, Sudan Egypt
97%
Saudi Arabia, UAE, Yemen Oman
96%
Brazil, Colombia, Guyana Venezuela
96%
Argentina, Bolivia, Peru Chile
95%
Norway, Russia, Sweden Finland
95%
Belize, Guatemala, United States Mexico
95%
Belgium, France, Germany Luxembourg
93%
Brazil, France, Guyana Suriname
93%
Laos, Thailand, Vietnam Cambodia
90%
Croatia, Montenegro, Serbia Bosnia and Herzegovina
89%
Cambodia, China, Laos Vietnam
89%
Eritrea, Ethiopia, Somalia Djibouti
88%
Brazil, Suriname, Venezuela Guyana
88%
Algeria, Mauritania, Spain Morocco
86%
El Salvador, Guatemala, Nicaragua Honduras
85%
Argentina, Bolivia, Brazil Paraguay
84%
Djibouti, Ethiopia, Sudan Eritrea
83%
East Timor, Malaysia, PNG Indonesia
83%
Brunei, Indonesia, Thailand Malaysia
83%
Benin, Burkina Faso, Ghana Togo
78%
Djibouti, Ethiopia, Kenya Somalia
75%
Cameroon, Equatorial Guinea, Congo Gabon
74%
DR Congo, Rwanda, Tanzania Burundi
72%
Côte d'Ivoire, Guinea, Sierra Leone Liberia
72%
Mozambique, Tanzania, Zambia Malawi
71%
Burkina Faso, Côte d'Ivoire, Togo Ghana
69%
No matching quizzes found
Score Distribution
Percent of People with Each Score
Percentile by Number Answered
Your Score History
You have not taken this quiz